<?xml version="1.0" encoding="UTF-8"?>
<record
    xmlns:xsi="http://www.w3.org/2001/XMLSchema-instance"
    xsi:schemaLocation="http://www.loc.gov/MARC21/slim http://www.loc.gov/standards/marcxml/schema/MARC21slim.xsd"
    xmlns="http://www.loc.gov/MARC21/slim">

  <leader>01375nam a22002537a 4500</leader>
  <controlfield tag="005">20111102142633.0</controlfield>
  <controlfield tag="008">111102t        xxu||||| |||| 00| 0 mar d</controlfield>
  <datafield tag="010" ind1=" " ind2=" ">
    <subfield code="a">MAR-21584</subfield>
  </datafield>
  <datafield tag="020" ind1=" " ind2=" ">
    <subfield code="c">120.00</subfield>
  </datafield>
  <datafield tag="035" ind1=" " ind2=" ">
    <subfield code="a">MR-14242</subfield>
  </datafield>
  <datafield tag="037" ind1=" " ind2=" ">
    <subfield code="b">DBAD / PUB</subfield>
  </datafield>
  <datafield tag="040" ind1=" " ind2=" ">
    <subfield code="a">DPL</subfield>
    <subfield code="b">MR</subfield>
  </datafield>
  <datafield tag="082" ind1=" " ind2=" ">
    <subfield code="a">294.5924</subfield>
  </datafield>
  <datafield tag="100" ind1=" " ind2=" ">
    <subfield code="9">35655</subfield>
  </datafield>
  <datafield tag="245" ind1=" " ind2=" ">
    <subfield code="a">&#x92F;&#x941;&#x935;&#x93E;&#x92D;&#x917;&#x935;&#x926;&#x94D;&#x917;&#x940;&#x924;&#x93E; /</subfield>
    <subfield code="c">&#x905;&#x928;&#x902;&#x924; &#x917;&#x923;&#x947;&#x936; &#x906;&#x92A;&#x91F;&#x947; &#x924;&#x925;&#x93E; &#x92A;&#x94D;&#x930;&#x93F;&#x92F;&#x902;&#x935;&#x926;&#x93E; &#x905;&#x930;&#x935;&#x93F;&#x902;&#x926; &#x91C;&#x94B;&#x936;&#x940; &#x926;&#x94D;&#x935;&#x93E;&#x930;&#x93E; &#x938;&#x902;&#x92A;&#x93E;&#x926;&#x93F;&#x924;</subfield>
  </datafield>
  <datafield tag="246" ind1=" " ind2=" ">
    <subfield code="a">Yuvabhagvadgita</subfield>
    <subfield code="b">edited by Anant Ganesh Apte and Priyanvada Arvind Joshi</subfield>
  </datafield>
  <datafield tag="260" ind1=" " ind2=" ">
    <subfield code="a">&#x92A;&#x941;&#x923;&#x947;</subfield>
    <subfield code="b">&#x908;&#x936;&#x93E; &#x92A;&#x94D;&#x930;&#x915;&#x93E;&#x936;&#x928;</subfield>
    <subfield code="c">2011</subfield>
  </datafield>
  <datafield tag="270" ind1=" " ind2=" ">
    <subfield code="a">1981&#x938;&#x926;&#x93E;&#x936;&#x93F;&#x935; &#x92A;&#x947;&#x920;,&#x92B;&#x94D;&#x932;&#x94D;&#x945;&#x91F; &#x928;&#x902;. 14,&#x92C;&#x940; &#x935;&#x93F;&#x902;&#x917;,2 &#x938;&#x930;&#x93E; &#x92E;&#x91C;&#x932;&#x93E;,&#x939;&#x930;&#x93F;&#x928;&#x93E;&#x930;&#x93E;&#x92F;&#x923; &#x938;&#x94D;&#x92E;&#x943;&#x924;&#x940;,&#x91A;&#x93F;&#x92E;&#x923;&#x94D;&#x92F;&#x93E; &#x917;&#x923;&#x92A;&#x924;&#x93F; &#x91A;&#x94C;&#x915;,</subfield>
    <subfield code="b">&#x92A;&#x941;&#x923;&#x947;</subfield>
    <subfield code="e">411030</subfield>
  </datafield>
  <datafield tag="300" ind1=" " ind2=" ">
    <subfield code="a">123&#x92A;&#x943;.</subfield>
    <subfield code="c">22&#x938;&#x947;&#x92E;&#x940;(&#x905;&#x91C;&#x93F;&#x932;&#x94D;&#x926;)</subfield>
  </datafield>
  <datafield tag="700" ind1=" " ind2=" ">
    <subfield code="a">&#x906;&#x92A;&#x91F;&#x947;,&#x905;&#x928;&#x902;&#x924; &#x917;&#x923;&#x947;&#x936;</subfield>
    <subfield code="9">35912</subfield>
  </datafield>
  <datafield tag="700" ind1=" " ind2=" ">
    <subfield code="a">&#x91C;&#x94B;&#x936;&#x940;,&#x92A;&#x94D;&#x930;&#x93F;&#x92F;&#x902;&#x935;&#x926;&#x93E; &#x905;&#x930;&#x935;&#x93F;&#x902;&#x926;</subfield>
    <subfield code="9">35913</subfield>
  </datafield>
  <datafield tag="942" ind1=" " ind2=" ">
    <subfield code="2">ddc</subfield>
    <subfield code="c">MR</subfield>
    <subfield code="m">&#x92F;&#x941;&#x935;&#x93E;&#x92D;</subfield>
    <subfield code="h">294.5924</subfield>
  </datafield>
  <datafield tag="999" ind1=" " ind2=" ">
    <subfield code="c">58494</subfield>
    <subfield code="d">58494</subfield>
  </datafield>
  <datafield tag="952" ind1=" " ind2=" ">
    <subfield code="0">0</subfield>
    <subfield code="1">0</subfield>
    <subfield code="2">ddc</subfield>
    <subfield code="4">0</subfield>
    <subfield code="7">1</subfield>
    <subfield code="8">NFIC</subfield>
    <subfield code="a">DBAD</subfield>
    <subfield code="b">DBAD</subfield>
    <subfield code="d">2011-11-17</subfield>
    <subfield code="e">DBAD / PUB</subfield>
    <subfield code="g">120.00</subfield>
    <subfield code="l">0</subfield>
    <subfield code="o">294.5924 &#x92F;&#x941;&#x935;&#x93E;&#x92D;</subfield>
    <subfield code="p">MR-14242</subfield>
    <subfield code="r">2011-11-17 00:00:00</subfield>
    <subfield code="t">1</subfield>
    <subfield code="v">120.00</subfield>
    <subfield code="w">2011-11-17</subfield>
    <subfield code="y">MR</subfield>
  </datafield>
</record>
